Normal view
MARC view
Entry Topical Term
001 - CONTROL NUMBER
- control field: 15466
003 - CONTROL NUMBER IDENTIFIER
- control field: OSt
005 - DATE AND TIME OF LATEST TRANSACTION
- control field: 20191120142647.0
008 - FIXED-LENGTH DATA ELEMENTS
- fixed length control field: 191120|| aca||aabn | a|a d
040 ## - CATALOGING SOURCE
- Original cataloging agency: OSt
- Transcribing agency: OSt
150 ## - HEADING--TOPICAL TERM
- Topical term or geographic name entry element: World War II
- Chronological subdivision: 1939-1945
- Form subdivision: Fiction.
670 ## - SOURCE DATA FOUND
- Source citation: Work cat.: (OSt): Heller, Joseph. 15465, Catch-22 /, 2011.